000 03414cam a2200289 4500500
005 20260201061450.0
041 _afre
042 _adc
100 1 0 _aDahdouh, Elias M
_eauthor
700 1 0 _aSharara, Fady I
_eauthor
700 1 0 _aKutteh, William H
_eauthor
245 0 0 _aAnalyse génétique dans les fausses couches : qu’apprendre des produits de conception ?
260 _c2026.
500 _a6
520 _aLes fausses couches à répétition (FCR) représentent un défi clinique majeur, notamment en ce qu’elles demeurent souvent sans cause identifiée, malgré un bilan médical complet. L’intégration récente des analyses génétiques des produits de conception (PDC), via la micropuce chromosomique (CMA) ou le séquençage de nouvelle génération (NGS), a considérablement amélioré la compréhension des FCR. Ces technologies offrent une explication dans plus de 90 % des cas lorsqu’elles sont combinées au bilan standard. Elles permettent de distinguer les pertes embryonnaires liées à des anomalies chromosomiques (aneuploïdies) des causes maternelles (euploïdies). Cette distinction guide l’utilisation raisonnée des tests génétiques préimplantatoires pour les aneuploïdies (PGT-A) ou pour les anomalies de structure de chromosome, utiles seulement dans certains cas répertoriés (âge maternel avancé, aneuploïdies répétées, infertilité ou anomalie au caryotype). À l’inverse, l’usage systématique du PGT-A est inapproprié en cas de fausses couches euploïdes. Cette approche génétique permet d’éviter des traitements inutiles, de mieux orienter la prise en charge et de rassurer les couples en quête de réponses.
520 _aRecurrent pregnancy loss (RPL) represents a major clinical challenge, often without an identified cause despite a complete medical workup. The recent integration of genetic analyses of products of conception (POC), via chromosomal microarray (CMA) or next-generation sequencing (NGS), has considerably improved the understanding of the loss. These technologies make it possible to distinguish embryonic losses linked to chromosomal abnormalities (aneuploidies) from maternal causes (euploidies). They offer an explanation in more than 90% of cases when combined with the standard workup. This distinction guides the rational use of PGT-A or PGT-SR, useful only in selected cases (advanced maternal age, repeated fetal aneuploidies, infertility, or parental karyotype abnormality). Conversely, the systematic use of PGT-A is inappropriate and not indicated in cases of euploid miscarriages. This comprehensive genetic approach helps to avoid unnecessary treatments, guides more effective management of RPL, and offers reassurance to couples seeking explanations for their loss
690 _aanalyse des produits de conception
690 _afausses couches à répétition
690 _atest génétique préimplantatoire des anomalies de structure de chromosome (PGT-SR)
690 _atest génétique préimplantatoire pour les aneuploïdies (PGT-A)
690 _agenetic analysis of products of conception
690 _aPGT-A
690 _aPGT-SR
690 _arecurrent pregnancy loss
786 0 _nMédecine de la Reproduction | 27 | 4 | 2026-01-26 | p. 378-381 | 2650-8427
856 4 1 _uhttps://stm.cairn.info/revue-medecine-de-la-reproduction-2025-4-page-378?lang=fr&redirect-ssocas=7080
999 _c1639672
_d1639672